00341nam a22001217a 4500003000400000008004100004020001800045100003300063245004200096260003800138300001200176650003100188OSt200715b ||||| |||| 00| 0 eng d a9789386084323 aYadav , A.V. & Jadhav , P A  aCalculation in Pharmaceutical Science aNew DelhibNirali Prakashanc2019 aPg-16.4 aMathematica and Statistics